000 00466cam a2200145 a 4500
020 _a0816047316 (hardcover : acidfree paper)
050 0 0 _aGN69.8
_b.T48 2003
100 1 _aThomas, Peggy,
_d1960-
245 1 0 _aForensic anthropology :
_bthe growing science of talking bones /
_cPeggy Thomas.
260 _aNew York :
_bFacts on File,
_cc2003.
300 _axiv, 210 p. :
500 _aRev. ed. of: Talking bones. c1995.
700 1 _aThomas, Peggy,
942 _2lcc
_cGEN
999 _c14210
_d14210